• 首页
  • 本馆介绍
  • 公告通知
  • 最新文献
  • 馆藏检索
  • 电子资源
  • 读者导购
  • 参考咨询
  • 我的图书馆
  • 登录
  • 详细信息显示
  • 放入我的书架
  • 预约/预借图书
  • 作者相关作品
  • 分类相关作品
  • 丛书相关作品
  • 出版社相关作品

书目信息

  • 表格格式
  • 工作单格式
  • 卡片格式
题名:
社会科学的兴起
    
 
作者: 奥尔森 著 ;王凯宁 译
分册:  
出版信息: 北京   科学出版社  2018
页数: 14,268页
开本: 24cm
丛书名: 社会科学哲学译丛
单 册:
中图分类: C09
科图分类:
主题词: 社会科学--科学史--1642-1792
电子资源:
ISBN: 978-7-03-055467-3
000 01244oam2 2200301 450
001 012001000010
005 20140920091301.0
010    @a978-7-03-055467-3@dCNY98.00
100    @a20180315d2018 em y0chiy50 ea
101 1  @achi@ceng
102    @aCN@b110000
105    @ay z 001yy
106    @ar
200 1  @a社会科学的兴起@9She Hui Ke Xue De Xing Qi@e1642-1792@f(美)理查德·奥尔森(Richard Olson)著@g王凯宁译
210    @a北京@c科学出版社@d2018
215    @a14,268页@d24cm
225 1  @a社会科学哲学译丛@f殷杰主编
300    @a教育部人文社会科学重点研究基地——山西大学科学技术哲学研究中心基金资助
312    @a封面英文题名:The emergence of the social sciences: 1642-1792
330    @a本书考察了社会科学的多重渊源,探索了先在的社会、政治和科学条件,以及利益和信仰是通过什么方式来塑造社会科学的多种传统的;分析了社会科学出现后所形成的这些传统,如何实现了对孵化它们的知识和社会语境的重建。
461  0 @12001 @a社会科学哲学译丛
510 1  @aEmergence of the social sciences@e1642-1792@zeng
606 0  @a社会科学@x科学史@z1642-1792
690    @aC09@v5
701  0 @c(美)@a奥尔森@9Ao Er Sen@c(Olson, Richard)@4著
702  0 @a王凯宁@9Wang Kai Ning@4译
801  0 @aCN@b上海新华@c20180901
905    @b1040040-44@dC09@e40@f5
    
    社会科学的兴起:1642-1792/(美)理查德·奥尔森(Richard Olson)著/王凯宁译.-北京:科学出版社,2018
    14,268页;24cm.-(社会科学哲学译丛/殷杰主编)
    教育部人文社会科学重点研究基地——山西大学科学技术哲学研究中心基金资助
    
    ISBN 978-7-03-055467-3:CNY98.00
    本书考察了社会科学的多重渊源,探索了先在的社会、政治和科学条件,以及利益和信仰是通过什么方式来塑造社会科学的多种传统的;分析了社会科学出现后所形成的这些传统,如何实现了对孵化它们的知识和社会语境的重建。
●
相关链接 在E读中查询图书 在五车中查询图书 在当当中查询图书 在豆瓣中查询图书


正题名:社会科学的兴起     索取号:C09/40         预约/预借

序号 登录号 条形码 馆藏地/架位号 状态 备注
1 1040040   210400403   第一样本阅览室/ [索取号:C09/40] 在馆    
2 1040041   210400412   密集书库-史法系/ [索取号:C09/40] 在馆    
3 1040042   210400421   第一借阅区/ [索取号:C09/40] 已借出,限还日期为2025.12.22
借出人:陈昊诣  
 
4 1040043   210400430   第一借阅区/ [索取号:C09/40] 在馆    
5 1040044   210400449   第一借阅区/ [索取号:C09/40] 在馆    
唐山师范学院图书馆 欢迎您!
大连网信软件有限公司© 版权所有